| 000 | 00387nam a2200157Ia 4500 | ||
|---|---|---|---|
| 008 | 151213s9999 xx 000 0 und d | ||
| 100 | _aJ.G.Stanke | ||
| 245 |
_aIntroduction to International Law _cJ.G.Stanke |
||
| 250 | _a10th | ||
| 260 |
_aU.K _bAditya Books Butterworths _c1989 |
||
| 300 | _a3320 p. | ||
| 650 | _aLaw | ||
| 650 | _aLaw | ||
| 700 | _aJ.G.Stanke | ||
| 999 |
_c2257 _d2257 |
||